| 000 | 00476nam a2200145Ia 4500 | ||
|---|---|---|---|
| 999 |
_c12490 _d12490 |
||
| 082 | _aRR 423.1 VIZ-; | ||
| 100 | _aVizetelly , Frank H. | ||
| 245 | 0 | _aDesk-book of twenty-five thousand words frequently mispronounced | |
| 260 |
_aNew York _bFunk & Wagnalls _c1917 |
||
| 300 | _axxxvi, 906p. | ||
| 440 | _aStandard desk-book series | ||
| 650 | _aEnglish language - Pronunciation - Dictionaries | ||
| 650 | _aEnglish language - Word frequency - Dictionaries | ||
| 942 |
_cBK _2ddc |
||